| 000 | 00629nam a2200157Ia 4500 | ||
|---|---|---|---|
| 008 | 240126s9999 xx 000 0 und d | ||
| 041 | _aEnglish | ||
| 082 | _aPRME08-1265 | ||
| 100 | _aHemanth Kumar KN, Manjunatha S, Venkatesh C | ||
| 245 | 0 |
_aDesign, Development and Simulation of Nose Landing Gear of LCA - Naval Version [electronic resource: Project Report] _bAnil Kumar M |
|
| 260 |
_bPESIT, Dept. of ME, _aBangalore |
||
| 440 | _aNULL | ||
| 650 | _aDesign,,Simulation,Nose,Landing,Gear,LCA,-,Naval,Version,[electronic,resource:,Project,Report],Mechanical Engineering | ||
| 650 | _aMechanical Engineering | ||
| 942 | _cPR | ||
| 999 |
_c258367 _d258367 |
||